Online Catalogue and eLibrary

Structure and cognition : (Record no. 863)

MARC details
000 -LEADER
fixed length control field 00505nam a2200205Ia 4500
005 - DATE AND TIME OF LATEST TRANSACTION
control field 20240731064523.0
008 - FIXED-LENGTH DATA ELEMENTS--GENERAL INFORMATION
fixed length control field 240331s9999 xx 000 0 und d
020 ## - INTERNATIONAL STANDARD BOOK NUMBER
ISBN 0195626516
082 ## - DDC Classification
Class No. 291.5
Item Number - Author Mark DAS
100 ## - MAIN ENTRY--PERSONAL NAME
Personal name Das.V
245 #0 - TITLE STATEMENT
Title Structure and cognition :
Remainder of title aspects of Hindu caste and ritual
250 ## - EDITION STATEMENT
Edition statement 2nd
260 ## - PUBLICATION, DISTRIBUTION, ETC.
Place of publication, distribution, etc. New Delhi
Name of publisher, distributor, etc. Oxford University Press
Date of publication, distribution, etc. 1992
300 ## - PHYSICAL DESCRIPTION
Extent (e.g. Volumes, Pages etc.) xii, 171 p .,
650 ## - SUBJECT ADDED ENTRY--TOPICAL TERM
Topical term or geographic name entry element Hinduism
650 ## - SUBJECT ADDED ENTRY--TOPICAL TERM
Topical term or geographic name entry element Caste
650 ## - SUBJECT ADDED ENTRY--TOPICAL TERM
Topical term or geographic name entry element Rituals
650 ## - SUBJECT ADDED ENTRY--TOPICAL TERM
Topical term or geographic name entry element Social
942 ## - Koha item type (Biblio)
Koha item type Books in Stacks (Lending)
Holdings
Lost status Damaged status Collection code Home library Current library Shelving location Date acquired Full call number Accession Number Item type
    Lending WERC Library WERC Library Social Science Cupboard 03/31/2024 291.5 DAS 1227 Books in Stacks (Lending)

© WERC Library